000 00873nam a2200253 i 4500
001 176983
003 ES-MaACL
005 20250809062602.0
008 110222s1982 sp |||| | spa d
020 _a84-85303-73-3
080 _a340.141
080 _a340.12
100 1 _aCosta, Joaquín,
_d1846-1911
_941054
245 1 3 _aLa vida del derecho
_b: ensayo sobre el derecho consuetudinario /
_cJoaquín Costa ; prólogo para esta nueva edición de José-Luis Lacruz Berdejo.
260 _aZaragoza :
_bGuara,
_c1982.
300 _a272 p. ;
_c21 cm.
490 1 _aObras de Joaquín Costa ;
_v6
650 7 _aDerecho consuetudinario
_2embne
_9145293
650 4 _aDerecho-
_xFilosofía
_911620
700 0 _aLacruz Berdejo, José Luis.
_969414
830 0 _aObras de Joaquín Costa
_v6
_9190320
852 _aES-MaACL
_jP-1276(6)
999 _c176983
_d176983